000 00455nam a22001697a 4500
003 OSt
005 20170105103443.0
008 120503t xxu||||| |||| 00| 0 eng d
020 _a9781596934023
040 _cASAB
050 _a616.02,PAR
245 _aMethods in Bioengineering Stem Cell Bioengineering
_cBiju Parekkadan & Martin L Yarmush (Editor )
260 _a London
_bArtech House
300 _a208
650 _aStem cell
_9212
942 _2lcc
_cBK
999 _c16507
_d16507